Pembangunan kendiri

Bibliographic Details
Other Authors: Azizi Yahya
Format: Book
Published: Skudai : Universiti Teknologi Malaysia , 2005
Subjects:

MARC

LEADER 00000cam a2200000 7i4500
001 0000021037
005 20080115.0
008 071205
020 |a 9835203741 
040 |a INS 
090 0 0 |a BF697.5.S43   |b P46 2005 
245 1 0 |a Pembangunan kendiri   |f penterjemah Azizi Yahya...[et.al.] 
260 |a Skudai :   |b Universiti Teknologi Malaysia ,   |c 2005 
300 |a xii, 276ms :   |b il. ;   |c 23cm. 
500 |a mempunyai indeks 
650 0 0 |a Achievement motivation 
650 0 0 |a Personality development 
650 0 0 |a Self-actualization (Psychology) 
650 0 0 |a Self-evaluation 
650 0 0 |a Self-perception 
700 0 |a Azizi Yahya 
999 |a 0000019555   |b BOOK   |c Open Shelf   |e Default branch